000 00792nas a2200253 4500
001 BR0601255
003 BR-BrBNA
005 20231205105913.0
007 ta
008 230509b bl.|||p| |||| 00| 00por d
040 _aBR-BrBNA
_bpor
_cBiblioteca Nacional de Agricultura
041 _a(Pt)
072 _aL01; U10
100 1 _aFreitas, A.R. de
100 1 _aPresotti, C.V.
100 1 _aToral, F.L.B.
245 1 _aAlternativas de análises em dados de medidas repetidas de bovinos de corte
650 _aGADO DE CORTE
650 _aPESAGEM
650 _aMÉTODO ESTATÍSTICO
773 0 _tRevista Brasileira de Zootecnia (Brazil)
_xISSN 1516-3598
_g(Nov-Dec 2005), v. 34(6)suplemento p. 2233-2244
_wBR0601255
909 _a202311
_bLúcia
_c55
_dLúcia Elande
942 _2AGRIS
_n0
_cANA
999 _c185281
_d185281